[Event "21e tournoi de Noël"]
[Site "Montigny le Bretonneux"]
[Date "2021.12.28"]
[Round "3.10"]
[White "Faris, Marouane"]
[Black "Longbien, Dominique"]
[Result "1-0"]
[WhiteElo "1662"]
[BlackElo "1417"]
[Annotator "Rivier,Sylvain"]
[PlyCount "111"]
[EventDate "2021.??.??"]

{Partie espagnole, déviation au 4e coup} 1. e4 e5 2. Nf3 Nc6 3. Bb5 a6 4. Ba4
b5 5. Bb3 Bc5 6. c3 Qf6 7. O-O Nge7 8. a4 b4 9. a5 O-O 10. d3 h6 11. Nbd2 Rd8
12. h3 d6 13. Nc4 Be6 14. Bc2 d5 15. Ncxe5 dxe4 16. Nxc6 Nxc6 17. Ne1 Qg6 18.
d4 Ne5 19. Qe2 Bc4 20. Qxe4 Qxe4 21. Bxe4 Rab8 22. dxc5 Bxf1 23. Kxf1 bxc3 24.
bxc3 Rb3 25. Be3 Rxc3 26. Bb7 Nd7 27. Rd1 Rb8 28. c6 Nc5 29. Rb1 Rb3 30. Rxb3
Nxb3 31. Bb6 cxb6 32. axb6 Re8 33. c7 Nd2+ 34. Kg1 Nc4 35. c8=Q Rxc8 36. Bxc8
Nxb6 37. Bxa6 Nd5 38. g3 g5 39. Kg2 Kg7 40. Bb7 Ne7 41. g4 f5 42. Nd3 fxg4 43.
hxg4 Ng6 44. Kg3 Kf6 45. Be4 Ne7 46. f4 gxf4+ 47. Kxf4 Ng6+ 48. Bxg6 Kxg6 49.
Ne5+ Kf6 50. Nf3 Kg6 51. Kg3 Kg7 52. Kh4 Kf6 53. Kh5 Kg7 54. Nh4 Kh7 55. Nf5
Kh8 56. Kxh6 1-0

[Event "21e tournoi de Noël"]
[Site "Montigny le Bretonneux"]
[Date "2021.12.28"]
[Round "3.11"]
[White "Vadillo Torre, Ismael"]
[Black "Chaintreau, Maxime"]
[Result "1-0"]
[WhiteElo "1578"]
[BlackElo "1329"]
[Annotator "Rivier,Sylvain"]
[PlyCount "49"]
[EventDate "2021.??.??"]

{Gambit dame, déense semi-slave} 1. d4 d5 2. c4 c6 3. Nc3 Nf6 4. Nf3 Nbd7 5. e3
e6 6. Be2 Bb4 7. Bd2 Bxc3 8. Bxc3 Ne4 9. cxd5 cxd5 10. O-O O-O 11. Qc2 Ndf6 12.
Ne5 Bd7 13. f3 Nd6 14. Bd3 Bc6 15. Qf2 Nd7 16. Bb4 Nb6 17. Qg3 f6 18. Nxc6 bxc6
19. Bxd6 Rf7 20. Ba3 Nd7 21. Qd6 e5 22. Qxc6 Nb6 23. Qe6 Qd7 24. Bf5 Qe8 25.
Rac1 1-0

[Event "21e tournoi de Noël"]
[Site "Montigny le Bretonneux"]
[Date "2021.12.28"]
[Round "3.12"]
[White "Couradin, Jean-Marie"]
[Black "Aidan, David"]
[Result "0-1"]
[WhiteElo "1562"]
[BlackElo "1302"]
[Annotator "Rivier,Sylvain"]
[PlyCount "46"]
[EventDate "2021.??.??"]

{Défense hollandaise} 1. d4 f5 2. c4 e6 3. Nc3 Nf6 4. Nf3 Be7 5. g3 b6 6. Bg2
Bb7 7. Bf4 d6 8. O-O O-O 9. Qc2 Ne4 10. Rad1 Nc6 11. a3 Qe8 12. Nxe4 fxe4 13.
Ng5 Nxd4 14. Rxd4 e5 15. Rdd1 exf4 16. Ne6 Qc6 17. Nxf8 Rxf8 18. Rd4 d5 19. Rc1
Bc5 20. Rxd5 fxg3 21. hxg3 Bxf2+ 22. Kf1 Bxg3+ 23. Kg1 Qh6 0-1

[Event "21e tournoi de Noël"]
[Site "Montigny le Bretonneux"]
[Date "2021.12.28"]
[Round "3.13"]
[White "Rosu, Andrei"]
[Black "Kunne, Ronald"]
[Result "0-1"]
[WhiteElo "1241"]
[BlackElo "1531"]
[Annotator "Rivier,Sylvain"]
[PlyCount "58"]
[EventDate "2021.??.??"]

{Défense française, variante d'échange} 1. e4 e6 2. d4 d5 3. exd5 exd5 4. Nf3
Nf6 5. c4 Bb4+ 6. Nc3 O-O 7. Be2 dxc4 8. O-O Be6 9. Be3 Bxc3 10. bxc3 Nd5 11.
Ne5 Nxc3 12. Qc2 Nxe2+ 13. Qxe2 b5 14. a4 f6 15. Nf3 c6 16. axb5 cxb5 17. Rfb1
Qd5 18. Ra5 a6 19. Qa2 Bd7 20. Nd2 Bc6 21. f3 f5 22. Rc1 Qd7 23. Bf2 Bb7 24.
Rb1 Nc6 25. Ra3 Kh8 26. Qb2 b4 27. Nxc4 bxa3 28. Qxb7 Qxb7 29. Rxb7 a2 0-1

[Event "21e tournoi de Noël"]
[Site "Montigny le Bretonneux"]
[Date "2021.12.28"]
[Round "3.14"]
[White "Sanchez-Narboni, Quentin"]
[Black "Plancade, Philajit"]
[Result "1-0"]
[WhiteElo "1514"]
[BlackElo "1273"]
[Annotator "Rivier,Sylvain"]
[PlyCount "129"]
[EventDate "2021.??.??"]

{P Partie du pion dame} 1. d4 Nf6 2. Bf4 e6 3. e3 d5 4. Nf3 c5 5. c3 Nc6 6.
Nbd2 Bd6 7. Ne5 O-O 8. Bb5 Qc7 9. Bxc6 bxc6 10. Nd3 cxd4 11. cxd4 Bxf4 12. exf4
Nd7 13. Rc1 f6 14. Qa4 Bb7 15. Nf3 Rfe8 16. O-O Nb6 17. Qc2 Ba6 18. Rfe1 Bxd3
19. Qxd3 Rac8 20. g3 Re7 21. b3 Nd7 22. Qa6 Nb8 23. Qa4 Qd6 24. Re3 Kf7 25.
Rec3 Rec7 26. b4 Rb7 27. a3 Ke7 28. Re3 Kf7 29. Rce1 Re8 30. f5 Rbe7 31. Rxe6
Rxe6 32. fxe6+ Kf8 33. Qxa7 Re7 34. Qc5 Qxc5 35. dxc5 Ra7 36. Re3 Ke7 37. Nd4
g6 38. g4 Ke8 39. Kf1 Rc7 40. Ke1 Kf8 41. Kd2 Ke7 42. Kc2 Na6 43. Kb3 Nb8 44.
f4 Rb7 45. a4 Na6 46. Nxc6+ Ke8 47. Ka3 Rc7 48. Nd4 Nxc5 49. bxc5 Rxc5 50. Kb3
Rc4 51. Rd3 Ke7 52. f5 gxf5 53. gxf5 Rc1 54. Nc2 Kd6 55. Ne3 Re1 56. Nxd5 Kc5
57. e7 h5 58. Ne3 Rb1+ 59. Ka2 Rb8 60. Rd8 Rb4 61. Rd5+ Kb6 62. Rb5+ Ka6 63.
Rxb4 h4 64. e8=Q Ka5 65. Qb5# 1-0

[Event "21e tournoi de Noël"]
[Site "Montigny le Bretonneux"]
[Date "2021.12.28"]
[Round "3.15"]
[White "Sondermeijer, Antoine"]
[Black "Flagiello, Domenico"]
[Result "1/2-1/2"]
[WhiteElo "1485"]
[BlackElo "1209"]
[Annotator "Rivier,Sylvain"]
[PlyCount "101"]
[EventDate "2021.??.??"]

{D Défense Pirc} 1. e4 d6 2. d4 Nf6 3. Nc3 c6 4. f4 b5 5. e5 dxe5 6. fxe5 Nd5
7. Nxd5 Qxd5 8. c3 g6 9. Qf3 Qxf3 10. Nxf3 Bg7 11. a4 Be6 12. axb5 cxb5 13.
Bxb5+ Bd7 14. Bxd7+ Nxd7 15. b3 O-O 16. Ba3 Rfb8 17. Kd2 Rxb3 18. Kc2 Rb7 19.
Bb4 Nb6 20. Ba5 Nd5 21. g3 e6 22. Rhb1 Rab8 23. Rxb7 Rxb7 24. Bd8 Rb8 25. Bg5
Rd8 26. Ra5 h6 27. Bd2 g5 28. g4 Bf8 29. h4 gxh4 30. Nxh4 Ne7 31. Kd3 Nc6 32.
Ra4 Kh7 33. Nf3 Kg6 34. Nh4+ Kh7 35. Nf3 Be7 36. c4 a5 37. d5 exd5 38. cxd5
Nb4+ 39. Ke4 Bc5 40. Nh4 Rg8 41. Rxa5 Rxg4+ 42. Kf5 Rxh4 43. Rxc5 Rh5+ 44. Kg4
Rxe5 45. Rc7 Nxd5 46. Rxf7+ Kg6 47. Rf8 Nf6+ 48. Kh3 h5 49. Rxf6+ Kxf6 50. Bc3
Kf5 51. Bxe5 1/2-1/2

[Event "21e tournoi de Noël"]
[Site "Montigny le Bretonneux"]
[Date "2021.12.28"]
[Round "3.16"]
[White "Marival, Fred"]
[Black "Bauchaire, Isaac"]
[Result "1/2-1/2"]
[WhiteElo "1425"]
[BlackElo "1109"]
[Annotator "Rivier,Sylvain"]
[PlyCount "106"]
[EventDate "2021.??.??"]

{Défense Alekhine, variante des quatre pions} 1. e4 Nf6 2. e5 Nd5 3. d4 d6 4.
c4 Nb6 5. f4 g6 6. Nf3 Bg7 7. Nc3 O-O 8. Be2 Nc6 9. O-O f6 10. d5 Nb8 11. e6 c6
12. a4 a5 13. Be3 Na6 14. Qd2 f5 15. Ng5 h6 16. Nf7 Rxf7 17. exf7+ Kxf7 18. Kh1
Bxc3 19. bxc3 c5 20. Rfb1 Nd7 21. Bf3 Nb6 22. Be2 Nb8 23. Qb2 Ra6 24. Qb3 N8d7
25. g4 Nf6 26. g5 Ne4 27. Qc2 hxg5 28. fxg5 Qh8 29. Rg1 Nxc3 30. Bd3 Nd7 31.
Bd2 Ne4 32. Bxe4 fxe4 33. Raf1+ Ke8 34. Qxe4 Ne5 35. Bc3 Bf5 36. Qf4 Bd3 37.
Bxe5 dxe5 38. Qf7+ Kd7 39. Re1 Bxc4 40. Rb1 b5 41. axb5 Rd6 42. Rgd1 Qa8 43.
Kg1 Bxd5 44. Qf2 Be4 45. Rxd6+ Kxd6 46. Rb2 Qg8 47. Rd2+ Bd5 48. Rc2 Qc8 49.
Qd2 Qg4+ 50. Kf1 Qf3+ 51. Ke1 Qh1+ 52. Ke2 Qf3+ 53. Ke1 Qh1+ 1/2-1/2

[Event "21e tournoi de Noël"]
[Site "Montigny le Bretonneux"]
[Date "2021.12.28"]
[Round "3.17"]
[White "Imbert, Christophe"]
[Black "Ries, Antoine"]
[Result "1-0"]
[WhiteElo "1880"]
[BlackElo "1267"]
[Annotator "Rivier,Sylvain"]
[PlyCount "83"]
[EventDate "2021.??.??"]

{D Défense russe, variante moderne} 1. e4 e5 2. Nf3 Nf6 3. d4 exd4 4. e5 Ne4 5.
Bd3 Nc5 6. O-O Be7 7. Be2 b6 8. Qxd4 Bb7 9. Qg4 Ne6 10. Nc3 O-O 11. Ne4 Bxe4
12. Qxe4 Nc6 13. Bc4 Ng5 14. Nxg5 Bxg5 15. Bd5 Bxc1 16. Raxc1 Qe7 17. Rfe1 Rae8
18. Bxc6 dxc6 19. Qxc6 Rd8 20. Qc3 Rd5 21. Rcd1 Rfd8 22. Rxd5 Rxd5 23. f4 Qc5+
24. Qxc5 Rxc5 25. Rd1 Kf8 26. c3 Ke7 27. Kf2 a5 28. Rd4 f6 29. exf6+ Kxf6 30.
Kf3 g5 31. fxg5+ Rxg5 32. Rd7 Rg7 33. Rxg7 Kxg7 34. Ke4 Kf6 35. Kd5 Ke7 36. Kc6
h5 37. Kxc7 Ke6 38. c4 Ke5 39. Kxb6 Ke4 40. c5 Ke3 41. h3 Kf4 42. c6 1-0

[Event "21e tournoi de Noël"]
[Site "Montigny le Bretonneux"]
[Date "2021.12.28"]
[Round "3.19"]
[White "Rosu, Matei"]
[Black "Couradin, Bruno"]
[Result "1/2-1/2"]
[WhiteElo "1191"]
[BlackElo "1454"]
[Annotator "Rivier,Sylvain"]
[PlyCount "141"]
[EventDate "2021.??.??"]

{Partie italienne} 1. e4 e5 2. Nf3 Nc6 3. Bc4 h6 4. O-O Nf6 5. Nc3 Bc5 6. d3
O-O 7. Be3 Bb6 8. Na4 d6 9. Nxb6 axb6 10. h3 Be6 11. Bxe6 fxe6 12. d4 Nxe4 13.
dxe5 dxe5 14. Re1 Nf6 15. Bd2 e4 16. Nh2 Qd6 17. Qc1 Rad8 18. Bf4 Qd7 19. Rd1
Qe7 20. Bd2 Rd7 21. Bc3 Rfd8 22. Rxd7 Rxd7 23. Bxf6 Qxf6 24. Ng4 Qf5 25. Qe3 h5
26. Nh2 Nb4 27. Qc3 Nd5 28. Qa3 Rf7 29. Rf1 Qg5 30. Qa8+ Rf8 31. Qxb7 e3 32.
fxe3 Qxe3+ 33. Kh1 Rxf1+ 34. Nxf1 Qe2 35. Qc8+ Kf7 36. Qd7+ Kf8 37. Qd8+ Kf7
38. Qd7+ Kf6 39. Qd8+ Kf7 40. Qd7+ Kg8 41. Ng3 Qe5 42. Qc6 Kf7 43. Qd7+ Ne7 44.
Qd3 h4 45. Qf3+ Kg8 46. Qa8+ Kh7 47. Qe4+ Qxe4 48. Nxe4 Kg6 49. b4 Kf5 50. Nd2
Nd5 51. a3 e5 52. c4 Nc3 53. Kg1 e4 54. Kf2 Kf4 55. Nf1 g5 56. b5 Nb1 57. Ne3
Ke5 58. Nd5 Nxa3 59. Nxc7 Nxc4 60. Na8 Kd5 61. Nc7+ Kc5 62. Ne6+ Kxb5 63. Nxg5
Nd6 64. g3 hxg3+ 65. Kxg3 Kc5 66. h4 b5 67. h5 b4 68. Kf4 b3 69. h6 b2 70. h7
b1=Q 71. h8=Q 1/2-1/2

[Event "21e tournoi de Noël"]
[Site "Montigny le Bretonneux"]
[Date "2021.12.28"]
[Round "3.20"]
[White "Tanchoux, Pierre"]
[Black "Chaintreau, Cedric"]
[Result "1-0"]
[WhiteElo "1312"]
[BlackElo "1092"]
[Annotator "Rivier,Sylvain"]
[PlyCount "102"]
[EventDate "2021.??.??"]

{Partie du pion dame} 1. d4 d5 2. Nf3 Bg4 3. e3 Nc6 4. Be2 e6 5. a3 Bd6 6. Nbd2
Nf6 7. b3 O-O 8. Bb2 Re8 9. Ne5 Bxe2 10. Qxe2 Bxe5 11. dxe5 Nd7 12. Nf3 Ne7 13.
O-O c6 14. Rad1 Ng6 15. Qd2 Qc7 16. Qc3 b5 17. b4 Nb6 18. Ba1 Nc4 19. Rfe1 a5
20. e4 axb4 21. axb4 Red8 22. exd5 Rxd5 23. Rxd5 cxd5 24. Qd4 Na3 25. Rc1 Nxc2
26. Qb2 Rxa1 27. Qxa1 Nxa1 28. Rxc7 Nb3 29. Rc8+ Nf8 30. Rc3 Na1 31. Nd4 Nd7
32. Rc8+ Nf8 33. Nxb5 Nb3 34. Na7 g6 35. b5 Kg7 36. b6 Na5 37. Nc6 Nxc6 38.
Rxc6 Nd7 39. f4 f6 40. exf6+ Kxf6 41. b7 Ke7 42. Kf2 h6 43. Ke3 g5 44. fxg5
hxg5 45. Kd4 Nb8 46. Rc7+ Kd6 47. Rg7 Nc6+ 48. Kc3 d4+ 49. Kc4 e5 50. Rxg5 e4
51. b8=Q+ Nxb8 1-0

[Event "21e tournoi de NoÃ«l"]
[Site "Montigny le Bretonneux"]
[Date "2021.12.28"]
[Round "4.1"]
[White "Ribiere, Damien"]
[Black "Joslin, Jerome"]
[Result "1-0"]
[WhiteElo "2030"]
[BlackElo "2048"]
[Annotator "Rivier,Sylvain"]
[PlyCount "139"]
[EventDate "2021.??.??"]

{Partie viennoise} 1. e4 e5 2. Nc3 Nc6 3. Bc4 Nf6 4. d3 d6 5. f4 Bg4 6. Nge2 a6
7. O-O b5 8. Bb3 Nd4 9. h3 Nxb3 10. axb3 Bd7 11. Ng3 h6 12. Qf3 b4 13. Nd5 Nxd5
14. fxe5 Nf6 15. exf6 Qxf6 16. Qxf6 gxf6 17. Nh5 Be7 18. Bd2 Rg8 19. Kh2 f5 20.
exf5 Bc6 21. g4 Kd7 22. Bxh6 Rh8 23. Bg7 Rh7 24. Nf6+ Bxf6 25. Bxf6 Rg8 26. Kg3
Rh6 27. Bd4 Bb7 28. Be3 Rh7 29. Rf2 f6 30. Re1 c5 31. Bf4 Bd5 32. h4 Rhg7 33.
g5 fxg5 34. hxg5 Rf8 35. Kg4 Rgf7 36. Bg3 Rg7 37. g6 Bf7 38. Bf4 Bxg6 39. fxg6
Rxg6+ 40. Kf3 Rgf6 41. Ke3 Rg6 42. Kd2 Kc6 43. Ref1 Re8 44. Rh1 Rf8 45. Be3 Re8
46. Rh6 Ree6 47. Rxg6 Rxg6 48. Rh2 Kd5 49. Bf4 Kc6 50. Ke2 Kb5 51. Kf2 d5 52.
c4+ bxc3 53. bxc3 d4 54. cxd4 cxd4 55. Bd2 Rf6+ 56. Ke2 Rf5 57. Rg2 Kc6 58.
Rg6+ Kb7 59. Rd6 a5 60. Rxd4 Rb5 61. Ra4 Rxb3 62. Rxa5 Kc6 63. Rh5 Rb8 64. d4
Rb3 65. Be3 Kd6 66. Kf3 Rb7 67. Bf4+ Kc6 68. Ke4 Rd7 69. Rc5+ Kb6 70. Rc1 1-0

[Event "21e tournoi de Noël"]
[Site "Montigny le Bretonneux"]
[Date "2021.12.28"]
[Round "4.2"]
[White "Divies, Renaud"]
[Black "Breteau-Ribeiro, Charles"]
[Result "0-1"]
[WhiteElo "1954"]
[BlackElo "1199"]
[Annotator "Rivier,Sylvain"]
[PlyCount "52"]
[EventDate "2021.??.??"]

{Défense Caro-Kann, variante d'échange} 1. c4 c6 2. e4 d5 3. cxd5 cxd5 4. exd5
Nf6 5. Nc3 Nxd5 6. d4 Nc6 7. Nf3 Bg4 8. Be2 e6 9. O-O Be7 10. Ne4 O-O 11. a3
Qb6 12. Ned2 Bf6 13. Nc4 Qc7 14. Nce5 Bxe5 15. Nxe5 Bxe2 16. Qxe2 Nxd4 17. Qe4
Nb3 18. Rb1 Rac8 19. Be3 f5 20. Qd3 Qxe5 21. Qxb3 f4 22. Bd2 Rf6 23. Rfe1 Qh5
24. Qxb7 Rcf8 25. Qd7 f3 26. Bc3 Qg4 0-1

[Event "21e tournoi de Noël"]
[Site "Montigny le Bretonneux"]
[Date "2021.12.28"]
[Round "4.3"]
[White "Sanchez-Narboni, Quentin"]
[Black "Sondermeijer, Damien"]
[Result "0-1"]
[WhiteElo "1514"]
[BlackElo "1714"]
[Annotator "Rivier,Sylvain"]
[PlyCount "72"]
[EventDate "2021.??.??"]

{Partie du pion dame} 1. d4 d5 2. Bf4 c5 3. c3 Qb6 4. Qb3 c4 5. Qc2 Nc6 6. Nf3
Nf6 7. Nbd2 Bg4 8. e3 e6 9. Be2 Bf5 10. Qc1 h6 11. Bd1 Nh5 12. Ne5 Nxe5 13.
dxe5 Nxf4 14. exf4 Bc5 15. Rf1 Bd3 16. Be2 Bxe2 17. Kxe2 O-O 18. Nf3 Rfd8 19.
Rb1 Qa6 20. a3 d4 21. Nxd4 Bxd4 22. cxd4 Rxd4 23. Rd1 c3+ 24. Kf3 Rd3+ 25. Kg4
Rc8 26. Qc2 Rxd1 27. Rxd1 Qc6 28. f3 cxb2 29. Qxb2 Qc2 30. Qxb7 Qxg2+ 31. Kh4
Qxh2+ 32. Kg4 Rc2 33. Rd8+ Kh7 34. Qb1 h5+ 35. Kg5 Qg3+ 36. Kxh5 Qg6+ 0-1

[Event "21e tournoi de NoÃ«l"]
[Site "Montigny le Bretonneux"]
[Date "2021.12.28"]
[Round "4.4"]
[White "Gheorghin, Felix"]
[Black "Artieres, Michel"]
[Result "1/2-1/2"]
[WhiteElo "1469"]
[BlackElo "1681"]
[Annotator "Rivier,Sylvain"]
[PlyCount "42"]
[EventDate "2021.??.??"]

{DÃ©fense franÃ§aise, variante d'Ã©change} 1. e4 e6 2. d4 d5 3. exd5 exd5 4.
Bd3 Nf6 5. Nf3 Bg4 6. O-O Be7 7. Re1 Nc6 8. c3 O-O 9. Bg5 Re8 10. Nbd2 h6 11.
Bh4 Nh5 12. Bxe7 Rxe7 13. h3 Rxe1+ 14. Qxe1 Bxf3 15. Nxf3 Nf4 16. Bc2 Qf6 17.
Qe3 Ng6 18. Re1 Kf8 19. Bxg6 Qxg6 20. Ne5 Nxe5 21. Qxe5 Qd6 1/2-1/2

[Event "21e tournoi de Noël"]
[Site "Montigny le Bretonneux"]
[Date "2021.12.28"]
[Round "4.5"]
[White "Chaintreau, Thomas"]
[Black "Subtil, Thimote"]
[Result "1-0"]
[WhiteElo "1665"]
[BlackElo "1199"]
[Annotator "Rivier,Sylvain"]
[PlyCount "57"]
[EventDate "2021.??.??"]

{Ouver Ouverture du pion dame} 1. Nf3 b5 2. d4 Bb7 3. Nbd2 Nf6 4. c4 bxc4 5.
Nxc4 Bxf3 6. gxf3 d5 7. Ne5 e6 8. e3 Bb4+ 9. Bd2 Bxd2+ 10. Qxd2 O-O 11. Rc1
Nfd7 12. Nxd7 Nxd7 13. Bd3 Rc8 14. Qc2 Qh4 15. Ba6 Rb8 16. b3 Rb6 17. Bd3 Rc8
18. O-O e5 19. Bf5 Rh6 20. Rfd1 Qe7 21. dxe5 c6 22. Rxd5 cxd5 23. Qxc8+ Nf8 24.
f4 Qa3 25. Qc5 Qxa2 26. Qe7 Rxh2 27. Rc2 Qxb3 28. Kxh2 g6 29. Rc8 1-0

[Event "21e tournoi de Noël"]
[Site "Montigny le Bretonneux"]
[Date "2021.12.28"]
[Round "4.6"]
[White "Aidan, David"]
[Black "Faris, Marouane"]
[Result "0-1"]
[WhiteElo "1302"]
[BlackElo "1662"]
[Annotator "Rivier,Sylvain"]
[PlyCount "72"]
[EventDate "2021.??.??"]

{Défense sicilienne, variante Alapine} 1. e4 c5 2. c3 Nf6 3. e5 Nd5 4. d4 e6 5.
Nf3 cxd4 6. cxd4 Nc6 7. a3 Qb6 8. Bc4 Nc7 9. Nc3 a6 10. O-O d5 11. Ba2 Be7 12.
b4 O-O 13. Bb1 f5 14. exf6 Bxf6 15. Be3 Ne8 16. Re1 Nd6 17. Ne5 Qc7 18. Qd3 Nf5
19. Bd2 Nxe5 20. dxe5 Bxe5 21. Qh3 g6 22. f4 Bxf4 23. Bxf4 Qxf4 24. Na4 Bd7 25.
Nc5 Qd4+ 26. Kh1 Qxa1 27. Nxd7 Rfe8 28. Nf6+ Qxf6 29. Rc1 Rac8 30. Rf1 Ng3+ 31.
hxg3 Qxf1+ 32. Kh2 Rc1 33. g4 Qf4+ 34. g3 Qf2+ 35. Qg2 Qxg2+ 36. Kxg2 Rxb1 0-1

[Event "21e tournoi de Noël"]
[Site "Montigny le Bretonneux"]
[Date "2021.12.28"]
[Round "4.7"]
[White "Flagiello, Francesco"]
[Black "Vadillo Torre, Ismael"]
[Result "1/2-1/2"]
[WhiteElo "1633"]
[BlackElo "1578"]
[Annotator "Rivier,Sylvain"]
[PlyCount "69"]
[EventDate "2021.??.??"]

{Défense scandinave} 1. e4 d5 2. exd5 Nf6 3. Bb5+ Bd7 4. Bc4 g6 5. Nf3 Bg7 6.
Nc3 O-O 7. O-O a6 8. a4 Bf5 9. d4 Nbd7 10. a5 Ne4 11. Nxe4 Bxe4 12. Ng5 Nf6 13.
Nxe4 Nxe4 14. c3 Qd6 15. Re1 Nf6 16. Bg5 Nxd5 17. Bxd5 Qxd5 18. Bxe7 Rfe8 19.
Qd2 Qd7 20. Bg5 Qb5 21. Re3 Rxe3 22. Bxe3 Re8 23. Qc2 Qc6 24. Qa4 Qxa4 25. Rxa4
Bh6 26. Rb4 f5 27. g3 Bxe3 28. fxe3 Rb8 29. c4 Kf7 30. c5 c6 31. d5 cxd5 32.
Kf2 Ke6 33. Ke2 Rc8 34. Rb6+ Ke5 35. Rxb7 1/2-1/2

[Event "21e tournoi de Noël"]
[Site "Montigny le Bretonneux"]
[Date "2021.12.28"]
[Round "4.8"]
[White "Goujon, Antoine"]
[Black "Rosu, Alexandru"]
[Result "1-0"]
[WhiteElo "1775"]
[BlackElo "1245"]
[Annotator "Rivier,Sylvain"]
[PlyCount "139"]
[EventDate "2021.??.??"]

{Partie du pion dame} 1. d4 d5 2. Nc3 Nf6 3. Bf4 Bf5 4. e3 e6 5. f3 Nbd7 6. g4
Bg6 7. h4 h6 8. h5 Bh7 9. Nb5 Rc8 10. Nxa7 Rb8 11. Nb5 Rc8 12. Bd3 c6 13. Nd6+
Bxd6 14. Bxd6 Qb6 15. Ba3 c5 16. Bxh7 Rxh7 17. Ne2 e5 18. Rg1 Rc6 19. Qd2 Re6
20. O-O-O Qb5 21. Nc3 Qc6 22. Kb1 exd4 23. exd4 c4 24. Rge1 Kd8 25. Rxe6 Qxe6
26. Re1 Qa6 27. Qf4 Rh8 28. Be7+ Kc8 29. Bxf6 Nxf6 30. Nxd5 Nxd5 31. Qf5+ Kb8
32. Qxd5 Qf6 33. Qe5+ Qxe5 34. Rxe5 Rd8 35. c3 Rd6 36. Kc2 Rf6 37. Re3 Kc7 38.
b3 cxb3+ 39. axb3 Kd6 40. c4 g6 41. hxg6 fxg6 42. Kd3 h5 43. gxh5 gxh5 44. Ke2
Rg6 45. Kf2 h4 46. Re4 h3 47. Rg4 Rh6 48. Kg1 h2+ 49. Kh1 Rh3 50. Rf4 Ke6 51.
b4 Kd6 52. b5 Rh6 53. Re4 Rh3 54. Re2 Rxf3 55. Kxh2 Rc3 56. c5+ Kd5 57. Rd2 Re3
58. b6 Rc3 59. Kg2 Re3 60. Kf2 Rh3 61. Ke2 Rg3 62. Rd3 Rg2+ 63. Kd1 Rh2 64. Rd2
Rh3 65. Kc2 Rg3 66. Rd3 Rg2+ 67. Kc3 Rg1 68. Rh3 Rd1 69. Rh7 Rxd4 70. Rd7+ 1-0

[Event "21e tournoi de NoÃ«l"]
[Site "Montigny le Bretonneux"]
[Date "2021.12.28"]
[Round "4.9"]
[White "Mahe, Romain"]
[Black "Payot, Guillaume"]
[Result "1-0"]
[WhiteElo "1971"]
[BlackElo "1286"]
[Annotator "Rivier,Sylvain"]
[PlyCount "41"]
[EventDate "2021.??.??"]

{DÃ©fense franÃ§aise, variante classique} 1. e4 e6 2. d4 d5 3. Nc3 Nf6 4. Bg5
dxe4 5. Nxe4 Be7 6. Bxf6 gxf6 7. Nf3 a6 8. Qd2 f5 9. Ng3 b6 10. Nh5 Bf8 11.
O-O-O Bb7 12. Bc4 Bxf3 13. gxf3 Qh4 14. d5 Qxc4 15. dxe6 Bd6 16. exf7+ Kxf7 17.
Qg5 Nd7 18. Qg7+ Ke6 19. Rhe1+ Ne5 20. Rxe5+ Bxe5 21. Qd7# 1-0

[Event "21e tournoi de NoÃ«l"]
[Site "Montigny le Bretonneux"]
[Date "2021.12.28"]
[Round "4.10"]
[White "Weens, William"]
[Black "Sondermeijer, Antoine"]
[Result "1-0"]
[WhiteElo "1697"]
[BlackElo "1485"]
[Annotator "Rivier,Sylvain"]
[PlyCount "118"]
[EventDate "2021.??.??"]

{DÃ©fense sicilienne, attaque yougoslave} 1. e4 c5 2. Nf3 d6 3. d4 cxd4 4. Nxd4
Nf6 5. Nc3 g6 6. Bc4 Bg7 7. f3 O-O 8. Be3 Nc6 9. Qd2 Bd7 10. h4 h5 11. O-O-O
Ne5 12. Bb3 Rc8 13. Bh6 Nc4 14. Bxc4 Rxc4 15. Bxg7 Kxg7 16. Rdg1 Qa5 17. Nb3
Qc7 18. g4 hxg4 19. h5 Rh8 20. hxg6 Rxc3 21. bxc3 Qc8 22. gxf7 Kxf7 23. fxg4
Rxh1 24. Rxh1 Bxg4 25. Rf1 Ke8 26. Qd4 b6 27. e5 dxe5 28. Qxe5 Qc6 29. Re1 Ng8
30. Qg7 Qh6+ 31. Qxh6 Nxh6 32. Nd4 Kd7 33. Kb2 Nf7 34. Re4 Bh5 35. Rh4 Bg6 36.
c4 e5 37. Nb5 a6 38. Nc3 Kc6 39. Ne4 Bxe4 40. Rxe4 Nd6 41. Rh4 Kc5 42. Kc3 b5
43. cxb5 Nxb5+ 44. Kd3 Nd6 45. Rh5 Kd5 46. a4 a5 47. Kc3 Ne4+ 48. Kd3 Nd6 49.
Rh8 Kc5 50. Ra8 Kb4 51. Ra6 e4+ 52. Kd4 Nf5+ 53. Kxe4 Ng3+ 54. Kd5 Kxa4 55. c4
Nf5 56. c5 Kb5 57. Rb6+ Ka4 58. Rb1 Ka3 59. Kc4 Ne7 1-0

[Event "21e tournoi de Noël"]
[Site "Montigny le Bretonneux"]
[Date "2021.12.28"]
[Round "4.11"]
[White "Flagiello, Domenico"]
[Black "Marival, Fred"]
[Result "0-1"]
[WhiteElo "1209"]
[BlackElo "1425"]
[Annotator "Rivier,Sylvain"]
[PlyCount "61"]
[EventDate "2021.??.??"]

{Dé Défense Grünfeld, variante d'échange} 1. Nf3 Nf6 2. c4 g6 3. Nc3 d5 4. cxd5
Nxd5 5. e4 Nxc3 6. bxc3 Bg7 7. d4 O-O 8. Bf4 c5 9. Be3 Qa5 10. Bd2 Bg4 11. e5
Qc7 12. h3 Bf5 13. Be2 Nc6 14. O-O Rad8 15. Be3 Nxe5 16. Nxe5 Bxe5 17. Bg4 Be4
18. Bf3 Bc6 19. Bxc6 Qxc6 20. f4 Bg7 21. f5 Qe4 22. Qf3 Qxf3 23. Rxf3 cxd4 24.
cxd4 Bxd4 25. fxg6 hxg6 26. Re1 b6 27. Rf4 Bxe3+ 28. Rxe3 e6 29. h4 Rd5 30. Kh2
Rfd8 31. a4 {suite illisible} 0-1

[Event "21e tournoi de Noël"]
[Site "Montigny le Bretonneux"]
[Date "2021.12.28"]
[Round "4.12"]
[White "Bauchaire, Isaac"]
[Black "Barthere, Gilles"]
[Result "0-1"]
[WhiteElo "1109"]
[BlackElo "1350"]
[Annotator "Rivier,Sylvain"]
[PlyCount "56"]
[EventDate "2021.??.??"]

{Défense sicilienne} 1. e4 c5 2. Nc3 Nc6 3. Nf3 d6 4. Bb5 Bd7 5. d4 cxd4 6.
Nxd4 Rc8 7. f4 Nf6 8. O-O e6 9. e5 dxe5 10. Nxc6 Qb6+ 11. Kh1 Bxc6 12. Bxc6+
Qxc6 13. fxe5 Nd7 14. Bh6 Nxe5 15. Qh5 Ng6 16. Bf4 a6 17. Rf3 Be7 18. Bg5 Qc5
19. Ne4 Qe5 20. Re1 Qxb2 21. Bxe7 Kxe7 22. Rxf7+ Kxf7 23. Nd6+ Ke7 24. Nxc8+
Rxc8 25. Qg4 Qb6 26. Qg5+ Kf8 27. Qg4 Re8 28. h3 Kg8 0-1

[Event "21e tournoi de NoÃ«l"]
[Site "Montigny le Bretonneux"]
[Date "2021.12.28"]
[Round "4.13"]
[White "Dufraisse, Matteo"]
[Black "Imbert, Christophe"]
[Result "0-1"]
[WhiteElo "1280"]
[BlackElo "1880"]
[Annotator "Rivier,Sylvain"]
[PlyCount "132"]
[EventDate "2021.??.??"]

{Ouverture anglaise, variante des quatre cavaliers} 1. c4 e5 2. Nc3 Nf6 3. Nf3
Nc6 4. d4 exd4 5. Nxd4 Bc5 6. Nxc6 bxc6 7. Bf4 O-O 8. e3 Bb4 9. Bd3 Re8 10. O-O
Rb8 11. Qc2 h6 12. Rfd1 Nh5 13. Bg3 d6 14. a3 Bxc3 15. Qxc3 c5 16. Be2 Nxg3 17.
hxg3 Bb7 18. Bf3 Qc8 19. Bd5 Bxd5 20. Rxd5 a5 21. Rb1 a4 22. b4 axb3 23. Rxb3
Rxb3 24. Qxb3 Qg4 25. Qb5 Kf8 26. Rd2 Qe4 27. Rb2 Qa8 28. a4 Qa7 29. a5 Ra8 30.
Ra2 Qa6 31. Kf1 c6 32. Qxa6 Rxa6 33. Ke2 Ke7 34. e4 Kd7 35. Ke3 Kc7 36. Kd3 f5
37. f3 fxe4+ 38. Kxe4 Ra8 39. Kf5 d5 40. Kg6 Kb7 41. Kxg7 Ka6 42. f4 dxc4 43.
f5 Kb5 44. f6 Kb4 45. f7 Kb3 46. f8=Q Rxf8 47. Kxf8 Kxa2 48. a6 c3 49. a7 c2
50. a8=Q+ Kb2 51. Qb8+ Ka2 52. Qa7+ Kb2 53. Qxc5 c1=Q 54. Qb4+ Ka2 55. Kg7 Qb2+
56. Qxb2+ Kxb2 57. Kxh6 c5 58. g4 c4 59. g5 c3 60. g6 c2 61. g7 c1=Q+ 62. Kg6
Qc2+ 63. Kh6 Qxg2 64. Kh7 Qe4+ 65. Kh6 Qe6+ 66. Kh7 Qf7 0-1